Представление документа в формате RUSMARC

ПолеНазваниеЗначение
  Тип записи a
  Библиографический уровень m
001 Контрольный номер RU/IS/BASE/423656566
005 Дата корректировки 20201206204852.6
010 Индекс ISBN __
a ISBN 978-5-222-20608-9
d Цена 64-21
101 Язык документа 0_
a Язык текста rus
200 Заглавие и сведения об ответственности 1_
a Заглавие Музыкальные пальчиковые игры
f Первые сведения об ответственности Е. А. Поддубная
b Общее обозначение материала Текст
205 Сведения об издании __
a Основные сведения об издании Изд. 3-е
210 Выходные данные __
a Место издания Ростов н/Д
c Издательство Феникс
d Дата издания 2013
215 Физическое описание __
a Объем 39 с.
225 Серия __
a Серия Школа развития
330 Аннотация __
a Аннотация Издавна в русском устном народном творчестве встречаются игры, потешки, забавы, сопровождаемые не только движениями рук и пальцев, но и пением. Исследования Института физиологии детей и подростков Академии педагогических наук РФ доказали положительное воздействие тонких движений пальцев рук под музыку на развитие детей. Предлагаемые в данном сборнике музыкальные пальчиковые игры созданы автором в результате большого творческого опыта на отделении раннего эстетического развития детей в Школе искусств г. Горячий Ключ. Сочетание пальчиковой гимнастики с яркими музыкальными образами создает благоприятный эмоциональный фон, учит концентрировать внимание и правильно его распределять, развивает память, чувство ритма и музыкальной звуковысотности, помогает воображать и фантазировать. Методическое пособие сопровождается рисунками и рекомендуется музыкальным руководителям школ и детских садов.
606 Тематические рубрики __
a Основная рубрика Образование. Педагогика
606 Тематические рубрики __
a Основная рубрика Дошкольная педагогика
610 Ключевые слова __
a Ключевые слова дошкольники; эстетическое развитие; музыкальные игры; пальчиковые игры; музыкальные пальчиковые игры; развитие творчества; развитие дошкольников; пальчиковая гимнастика
686 Индексы других классификаций __
a Классификационный индекс В74.1
700 Автор _1
a Фамилия Поддубная
b Имя Е. А.
g Полное личное имя Елена Альбертовна
4 Код отношения 070
801 Источник записи _0
a Страна RU
b Организация Муниципальное бюджетное учреждение культуры "Централизованная библиотечная система" г. Сургут (Центральная городская библиотека им. А. С. Пушкина)
g Правила каталогизации КиК/Елгина
801 Источник записи _1
a Страна RU
b Организация Муниципальное бюджетное учреждение культуры "Централизованная библиотечная система" г. Сургут (Центральная городская библиотека им. А. С. Пушкина)
g Правила каталогизации КиК/Елгина
852 Данные о местонахождении __
j Шифр хранения В74.1
i Авторский знак П 44
901 Тип документа __
t Тип документа m
903 Характеристики (МАРС) __
a Дата передачи 20130604
990 Данные о заказе (DOS) __
j Количество экземпляров (DOS) 6
h N записи в КСУ для Б/У (DOS) 201306